000 006130000a22002050004500
003 LK-CoMWRAF
005 20231106115137.0
008 230817t1996 ||||| |||| 00| 0 eng d
040 _aLK-CoMWRAF
_dLK-CoMWRAF
_eLK-CoMWRAF
041 _aeng
082 _a923
_bEDH
100 _aEdhi, Abdus Sattar
245 _aAbdul Sattar Edhi, an autobiography:
_ba mirror to the blind
260 _aIslamabad
_bNational Bureau of Publications,
_c1996
300 _a384 p. : ill. ; 23 cm
650 _aSOCIAL WORKERS
650 _aSocial workers--Pakistan--Biography.
700 _aDurrani, Tehmina
_ecomp.
942 _cBK
999 _c1270
_d1270